| 000 | 00956ngm a22003130a 4500 | ||
|---|---|---|---|
| 001 | PT26611 | ||
| 003 | AR-LpoUNG | ||
| 005 | 20210201232251.0 | ||
| 007 | co ||u|||uuuuu | ||
| 008 | 191001s2007||||ag |||||||||||||||||por d | ||
| 040 |
_aAR-LpoUNG _bspa _cAR-LpoUNG _eaacr |
||
| 041 | _apor | ||
| 044 | _aag | ||
| 082 | 0 | _a469 981v3-4 | |
| 100 | 1 |
_aMiranda, Camila do Valle F. de _edir. |
|
| 245 | 1 | 0 | _aUm português bem brasileiro |
| 250 | _a1ra. ed. | ||
| 260 |
_aBuenos Aires : _bÉ tempo de Brasil, _c2007. |
||
| 520 | _a<p>Curso de lengua portuguesa; contiene gramática, ejercicios, conversaciones. Acompaña al libro.</p> | ||
| 650 | 4 | _aAPRENDIZAJE | |
| 650 | 4 | _aENSEÑANZA DE IDIOMAS | |
| 650 | 4 | _aGRAMATICA | |
| 650 | 4 | _aLENGUA PORTUGUESA | |
| 651 | 4 | _aDOCUMENTOS TEORICOS O METODOLOGICOS | |
| 653 | _aFUNCEB | ||
| 710 | 2 | _aFundación Centro de Estudios Brasileiros (Buenos Aires) | |
| 905 | _a26611 | ||
| 942 | _cCDDVD | ||
| 999 |
_c53189 _d53189 |
||